| 000 | 00497nam a2200181 a 4500 | ||
|---|---|---|---|
| 005 | 20240425063918.0 | ||
| 008 | 991125s1948 par 000 0 fre u | ||
| 035 | _aUPN01000044048 | ||
| 049 | _aCG | ||
| 050 | 4 |
_aLB1025 _bCH3.6 |
|
| 100 | 1 | _aCharrier, Ch. | |
| 245 | 1 | 0 |
_aPédagogie vécue : _bcours complet et pratique / _cpar Ch. Charrier, R. Ozouf. |
| 260 |
_aParís : _bF. Nathan, _c1948. |
||
| 300 | _a656 p. | ||
| 650 | 4 |
_aEnseñanza _96215 |
|
| 700 | 1 |
_aOzouf, R. _ecoaut. |
|
| 905 | _aLibro | ||
| 999 |
_c44048 _d44048 |
||